000 01025nas a2200301 4500
001 BR8000776
003 BR-BrBNA
005 20231205084129.0
007 ta
008 230509b bl.|||p| |||| 00| 00por d
040 _aBR-BrBNA
_bpor
_cBiblioteca Nacional de Agricultura
041 _a(Pt)
072 _aF23
100 1 _aGalhego, H.R.
100 1 _aEspindola, C.R.
100 1 _aCarvalho, W.A.
100 1 _aRambaud, D.
245 1 _aMineralogia da fracao argila em uma litotopossequencia de solos no municipio de Botucatu (SP)[Sao Paulo; Brasil]
_bParte de tese
246 1 _aClay mineralogy of soils on a lithotoposequence in Botucatu county [Sao Paulo; Brazil]
_b[Part of thesis]
650 _aClassificacao do solo
650 _aMineralogia
650 _aArgila
650 _aBotucatu
650 _aSao Paulo
773 0 _tRevista Brasileira de Ciencia do Solo (Brazil)
_xISSN 0100-0683
_g(May 1979), v. 3(2) p. 126-130
_wBR8000776
909 _a202311
_bLúcia
_c55
_dLúcia Elande
942 _2AGRIS
_n0
_cANA
999 _c103316
_d103316